Library Banner

Artificial intelligence and cloud computing applications in biomedical engineering / (Record no. 141138)

MARC details
000 -LEADER
fixed length control field 01471nam a22002417a 4500
005 - DATE AND TIME OF LATEST TRANSACTION
control field 20260611130104.0
008 - FIXED-LENGTH DATA ELEMENTS--GENERAL INFORMATION
fixed length control field 260611s |||||||| |||| 00| 0 eng d
020 ## - INTERNATIONAL STANDARD BOOK NUMBER
International Standard Book Number 9781041015260
040 ## - CATALOGING SOURCE
Transcribing agency PK-LaUMT
082 ## - DEWEY DECIMAL CLASSIFICATION NUMBER
Classification number 610.285
Item number ART-
245 00 - TITLE STATEMENT
Title Artificial intelligence and cloud computing applications in biomedical engineering /
Statement of responsibility, etc edited by H S Madhusudhan . . . [et al.]
260 ## - PUBLICATION, DISTRIBUTION, ETC. (IMPRINT)
Place of publication, distribution, etc Boca Raton :
Name of publisher, distributor, etc CRC Press,
Date of publication, distribution, etc 2026
300 ## - PHYSICAL DESCRIPTION
Extent xiv, 236 p.
500 ## - GENERAL NOTE
General note Index present
520 ## - SUMMARY, ETC.
Summary, etc Biomedical engineering is undergoing a transformation because of AI, which is allowing creative solutions that enhance patient outcomes, diagnosis, treatment planning, and healthcare delivery. Artificial Intelligence and Cloud Computing Applications in Biomedical Engineering examines the salient characteristics of AI in biomedical engineering, highlighting its practical applications and new directions. Highlights of the book include: Genome sequence and visualization The role of AI and cloud in detection of diseases Nature-inspired algorithms for disease detection Frameworks for disease classification With a focus on designing AI techniques for disease detection, the book explores the role of AI in biomedical engineering.
546 ## - LANGUAGE NOTE
Language note Eng
650 ## - SUBJECT ADDED ENTRY--TOPICAL TERM
Topical term or geographic name as entry element AI-biomedical engineering
700 1# - ADDED ENTRY--PERSONAL NAME
Personal name Madhusudhan, H S
700 1# - ADDED ENTRY--PERSONAL NAME
Personal name Gupta, Punit
700 1# - ADDED ENTRY--PERSONAL NAME
Personal name Rawat, Pradeep Singh
700 1# - ADDED ENTRY--PERSONAL NAME
Personal name Saini, Dinesh Kumar
942 ## - ADDED ENTRY ELEMENTS (KOHA)
Koha item type Books
Holdings
Withdrawn status Lost status Damaged status Home library Current library Date acquired Full call number Barcode Date last seen Price effective from Koha item type
      UMT Main Campus UMT Main Campus 2026-06-11 610.285 ART- 152940 2026-06-11 2026-06-11 Books